[Event "España ch-2015 sub-18"]
[Site "Salobrena ESP"]
[Date "2015.07.30"]
[Round "6.7"]
[White "Rubio Tent, Francisco"]
[Black "Buiza Prieto, Eihartze"]
[Result "1/2-1/2"]
[WhiteElo "2275"]
[BlackElo "2095"]
[PlyCount "170"]
[EventDate "2015.07.27"]
[EventType "swiss"]
[EventRounds "9"]
[EventCountry "ESP"]
[Source "lmi"]
[SourceDate "2015.07.27"]

1. e4 d6 2. d4 e5 3. Nf3 exd4 4. Nxd4 Nf6 5. Nc3 Be7 6. Be2 O-O 7. O-O Re8 8.
Re1 Bf8 9. Bf1 Nbd7 10. Bg5 h6 11. Bh4 c6 12. a4 Ne5 13. a5 Ng6 14. Bg3 Bd7 15.
h3 b5 16. axb6 axb6 17. Rxa8 Qxa8 18. Nb3 Be6 19. Nd4 Bc8 20. Nf3 Bb7 21. e5
dxe5 22. Nxe5 Nxe5 23. Bxe5 Rd8 24. Qf3 c5 25. Qg3 Ne4 26. Nxe4 Bxe4 27. c3 Qc6
28. Bc4 Bd5 29. Rd1 Rd7 30. Be2 Be6 31. Rxd7 Qxd7 32. Qd3 Qxd3 33. Bxd3 c4 34.
Be4 Bc5 35. Kf1 Kf8 36. Ke2 f6 37. Bf4 Ke7 38. f3 Kd7 39. h4 g5 40. hxg5 hxg5
41. Be3 Bxe3 42. Kxe3 f5 43. Bc2 Kd6 44. Kd4 b5 45. g3 Bd7 46. f4 gxf4 47. gxf4
Be6 48. Bd1 Bd5 49. Bh5 Bc6 50. Bf7 Bd7 51. Bg6 Bc8 52. Be8 Ba6 53. Bf7 Bb7 54.
Bh5 Bc6 55. Bf7 Bb7 56. Bg8 Bc6 57. Bh7 Bd7 58. Bg6 Bc8 59. Be8 Ba6 60. Ke3 Ke7
61. Bg6 Bc8 62. Kf3 Bd7 63. Kg3 Ke6 64. Bh5 Bc6 65. Kh4 Kf6 66. Be2 Bd5 67. Bd1
Be4 68. Kg3 Ke6 69. Kf2 Kd5 70. Ke3 Kc5 71. Bh5 Bc6 72. Bg6 Bd7 73. Bf7 Bc6 74.
Be6 Be4 75. Bc8 Kc6 76. Be6 Kd6 77. Bf7 Bc6 78. Kd4 Bb7 79. b3 cxb3 80. Bxb3
Be4 81. Bf7 Bc6 82. Bg8 Bb7 83. Bh7 Bc8 84. Bg6 Bd7 85. Bf7 Bc6 1/2-1/2

[Event "España ch-2015 sub-18"]
[Site "Salobrena ESP"]
[Date "2015.07.30"]
[Round "6.8"]
[White "Buendia Pinar, Alvaro"]
[Black "Ponce Cano, Adrian"]
[Result "1-0"]
[WhiteElo "2134"]
[BlackElo "2183"]
[PlyCount "117"]
[EventDate "2015.07.27"]
[EventType "swiss"]
[EventRounds "9"]
[EventCountry "ESP"]
[Source "lmi"]
[SourceDate "2015.07.27"]

1. d4 d5 2. Nf3 e6 3. c4 Nf6 4. Nc3 c5 5. cxd5 exd5 6. g3 Nc6 7. Bg2 Be7 8. O-O
O-O 9. b3 Bg4 10. Ne5 cxd4 11. Nxc6 bxc6 12. Qxd4 Qd7 13. Bb2 Bh3 14. Na4 Bxg2
15. Kxg2 Qe6 16. Rfe1 Qe4+ 17. Qxe4 Nxe4 18. Rac1 Rac8 19. Rc2 Bg5 20. e3 Rfe8
21. Rec1 Nxf2 22. Rxf2 Bxe3 23. Rd1 Bxf2 24. Kxf2 Re7 25. Bd4 f6 26. b4 Kf7 27.
Nc3 Rb7 28. a3 a5 29. Bc5 axb4 30. axb4 Ra8 31. Rd2 Ra3 32. Ne2 Rb3 33. Nd4
R3xb4 34. Bxb4 Rxb4 35. Nxc6 Rb5 36. Nd4 Ra5 37. h3 g6 38. Rb2 Ra7 39. Rb5 Rd7
40. Ke3 Re7+ 41. Kd3 Rd7 42. Nb3 g5 43. Kd4 Kg6 44. Rxd5 Rb7 45. Nd2 h5 46. Ke3
Rb2 47. Ne4 Rb3+ 48. Rd3 Rb6 49. h4 Re6 50. Rd6 Rxd6 51. Nxd6 f5 52. Nc4 Kf6
53. Nd2 f4+ 54. gxf4 gxh4 55. Kf3 Kf5 56. Nf1 h3 57. Ne3+ Kf6 58. Kg3 h4+ 59.
Kxh3 1-0

[Event "España ch-2015 sub-18"]
[Site "Salobrena ESP"]
[Date "2015.07.30"]
[Round "6.9"]
[White "Garcia Martin, Marta"]
[Black "Montoya Pecurul, Marc"]
[Result "1/2-1/2"]
[WhiteElo "2166"]
[BlackElo "2074"]
[PlyCount "134"]
[EventDate "2015.07.27"]
[EventType "swiss"]
[EventRounds "9"]
[EventCountry "ESP"]
[Source "lmi"]
[SourceDate "2015.07.27"]

1. e4 c5 2. Nf3 e6 3. g3 Nc6 4. Bg2 d5 5. exd5 exd5 6. d4 Bg4 7. dxc5 Bxc5 8.
O-O Nge7 9. h3 Bh5 10. Nbd2 O-O 11. Nb3 Bb6 12. c3 Re8 13. Re1 f6 14. Be3 Bf7
15. Bxb6 Qxb6 16. Nfd4 Ne5 17. f4 Nc4 18. Qc2 h5 19. Qf2 Rad8 20. Re2 Nc6 21.
Rae1 Rxe2 22. Rxe2 Qa6 23. Nc5 Qxa2 24. b3 Qa1+ 25. Re1 Qxc3 26. Nxc6 bxc6 27.
bxc4 Qxc4 28. Ne6 Re8 29. f5 a5 30. Qe2 Qb4 31. Rc1 Qb6+ 32. Kh2 a4 33. Qc2
Bxe6 34. fxe6 Rxe6 35. Qxa4 Kh7 36. Qc2+ g6 37. Rb1 Qe3 38. Rb7+ Kh6 39. h4 Qe5
40. Qc5 Re8 41. Qxc6 Re7 42. Rb5 Rc7 43. Qa8 f5 44. Rxd5 Qf6 45. Rd8 Rh7 46.
Qb8 Re7 47. Rh8+ Rh7 48. Qf4+ Kg7 49. Ra8 Qe7 50. Qd4+ Kh6 51. Rg8 Rg7 52. Rh8+
Rh7 53. Rg8 Rg7 54. Rb8 Kh7 55. Qb2 f4 56. Qf2 fxg3+ 57. Qxg3 Qf6 58. Rc8 Qb2
59. Rc6 Qd2 60. Qb8 Rf7 61. Rc8 Qf4+ 62. Qxf4 Rxf4 63. Rc7+ Kh6 64. Kh3 Rd4 65.
Rc5 Kg7 66. Rg5 Kf6 67. Kg3 Rg4+ 1/2-1/2

[Event "España ch-2015 sub-18"]
[Site "Salobrena ESP"]
[Date "2015.07.30"]
[Round "6.10"]
[White "Mari Copa, Adria"]
[Black "Ventura Bolet, Maxim"]
[Result "0-1"]
[WhiteElo "2136"]
[BlackElo "2080"]
[PlyCount "86"]
[EventDate "2015.07.27"]
[EventType "swiss"]
[EventRounds "9"]
[EventCountry "ESP"]
[Source "lmi"]
[SourceDate "2015.07.27"]

1. e4 c5 2. Nf3 e6 3. Qe2 Nc6 4. c3 e5 5. g3 g6 6. Bg2 Bg7 7. Na3 d6 8. Nc2
Nge7 9. d3 O-O 10. Be3 b6 11. d4 exd4 12. cxd4 Bg4 13. O-O-O cxd4 14. Ncxd4 Rc8
15. Kb1 Nxd4 16. Bxd4 Bxd4 17. Rxd4 Nc6 18. Rd2 Qf6 19. Rhd1 Ne5 20. Rxd6 Bxf3
21. Qe3 Nc4 22. Rxf6 Nxe3 23. Bxf3 Nxd1 24. Bxd1 Rfe8 25. f3 Kg7 26. Rd6 Red8
27. Rxd8 Rxd8 28. Kc2 Kf6 29. Be2 Ke5 30. Kc3 g5 31. h3 f6 32. Bd3 h5 33. Kd2
Kd4 34. Bc2 h4 35. g4 Ke5+ 36. Ke3 Rc8 37. Bd1 Rc1 38. Kd2 Ra1 39. a3 Kf4 40.
a4 Kg3 41. b4 Kxh3 42. f4 Rxd1+ 43. Kxd1 Kxg4 0-1

[Event "España ch-2015 sub-18"]
[Site "Salobrena ESP"]
[Date "2015.07.30"]
[Round "6.11"]
[White "Abal Cores, Lucas"]
[Black "Marquez Marvizon, Alejandra"]
[Result "1-0"]
[WhiteElo "2373"]
[BlackElo "1968"]
[PlyCount "87"]
[EventDate "2015.07.27"]
[EventType "swiss"]
[EventRounds "9"]
[EventCountry "ESP"]
[Source "lmi"]
[SourceDate "2015.07.27"]

1. e4 e6 2. d4 d5 3. Nd2 dxe4 4. Nxe4 Nd7 5. Nf3 Ngf6 6. Nxf6+ Nxf6 7. Ne5 c5
8. Bb5+ Bd7 9. Nxd7 Nxd7 10. O-O a6 11. Be2 Qc7 12. d5 e5 13. c4 Bd6 14. Qc2
O-O 15. Bd3 h6 16. Re1 Rab8 17. Re3 Rfe8 18. Be4 b5 19. Rg3 Kh8 20. Qe2 Nf6 21.
Qf3 Nxe4 22. Qxe4 Qd7 23. Rf3 bxc4 24. g4 Rb4 25. Rc3 f5 26. Qxf5 Qxf5 27. gxf5
Rf8 28. a3 Rb3 29. Rxc4 Rxf5 30. Rc3 Rxc3 31. bxc3 Rf3 32. Be3 Rf6 33. c4 Rg6+
34. Kf1 Rg4 35. Rc1 Rh4 36. Kg2 g5 37. Rb1 Rxc4 38. Rb6 Bf8 39. Rxa6 Rc3 40. d6
Kg8 41. Ra8 Rd3 42. Bxc5 Kf7 43. a4 Bxd6 44. Rd8 1-0

[Event "España ch-2015 sub-18"]
[Site "Salobrena ESP"]
[Date "2015.07.30"]
[Round "6.12"]
[White "Bernal Gomez, Alejandro"]
[Black "Ruperez Benito, Antonio"]
[Result "1/2-1/2"]
[WhiteElo "2044"]
[BlackElo "2148"]
[PlyCount "78"]
[EventDate "2015.07.27"]
[EventType "swiss"]
[EventRounds "9"]
[EventCountry "ESP"]
[Source "lmi"]
[SourceDate "2015.07.27"]

1. e4 e6 2. d4 d5 3. Bd3 Nf6 4. e5 Nfd7 5. f4 c5 6. c3 g6 7. Nf3 Nc6 8. O-O Qb6
9. Bc2 Be7 10. Kh1 a5 11. a3 h5 12. Ra2 Qa7 13. Be3 b5 14. dxc5 Bxc5 15. Bxc5
Nxc5 16. Nd4 Qb6 17. Nxc6 Qxc6 18. Nd2 Ba6 19. b4 Nd7 20. Qb1 Ke7 21. Rf3 a4
22. Rd3 Rac8 23. Nf3 Rc7 24. Qe1 Rhc8 25. Nd4 Qb6 26. Bb1 Nb8 27. Qh4+ Ke8 28.
Rc2 Nc6 29. Nf3 Ne7 30. Nd4 Bb7 31. Qf6 Rxc3 32. Rcxc3 Rxc3 33. Rxc3 Qxd4 34.
Rc1 Qb2 35. Rg1 Kf8 36. Bxg6 Nxg6 37. Qd8+ Kg7 38. Qf6+ Kg8 39. Qd8+ Kg7
1/2-1/2

[Event "España ch-2015 sub-18"]
[Site "Salobrena ESP"]
[Date "2015.07.30"]
[Round "6.13"]
[White "Perez Pacheco, Ricardo"]
[Black "Esquivias Quintero, Luis Manuel"]
[Result "1-0"]
[WhiteElo "2033"]
[BlackElo "2134"]
[PlyCount "51"]
[EventDate "2015.07.27"]
[EventType "swiss"]
[EventRounds "9"]
[EventCountry "ESP"]
[Source "lmi"]
[SourceDate "2015.07.27"]

1. e4 Nf6 2. e5 Nd5 3. d4 d6 4. Bc4 Nb6 5. Bb3 d5 6. Nf3 Bg4 7. h3 Bxf3 8. Qxf3
e6 9. Qg3 c5 10. c3 Nc6 11. Be3 Rc8 12. dxc5 Nd7 13. Ba4 Ne7 14. b4 Nf5 15. Qf4
h6 16. Bd4 g5 17. Qd2 Nh4 18. O-O Ng6 19. c4 dxc4 20. Na3 a6 21. Bxd7+ Qxd7 22.
Nxc4 Nf4 23. Nd6+ Kd8 24. Nxc8 Kxc8 25. Be3 Qc6 26. Qd1 1-0

[Event "España ch-2015 sub-18"]
[Site "Salobrena ESP"]
[Date "2015.07.30"]
[Round "6.14"]
[White "Perez Tores, Juan Miguel"]
[Black "Porlan Minarro, Antonio"]
[Result "1-0"]
[WhiteElo "2129"]
[BlackElo "2040"]
[PlyCount "61"]
[EventDate "2015.07.27"]
[EventType "swiss"]
[EventRounds "9"]
[EventCountry "ESP"]
[Source "lmi"]
[SourceDate "2015.07.27"]

1. e4 c5 2. Nf3 Nf6 3. d3 Nc6 4. g3 d5 5. Nbd2 g6 6. Bg2 Bg7 7. O-O O-O 8. Re1
Qc7 9. c3 dxe4 10. dxe4 Rd8 11. Qc2 Ng4 12. Nf1 Nge5 13. Bf4 Bg4 14. Nxe5 Bxe5
15. Bg5 Bg7 16. Ne3 Be6 17. Nd5 Bxd5 18. exd5 Ne5 19. f4 f6 20. fxe5 fxg5 21.
Qe4 Rd7 22. Bh3 Rdd8 23. Rad1 Kh8 24. Re2 c4 25. Kh1 b5 26. d6 exd6 27. exd6
Qf7 28. d7 h5 29. Rf1 Bf6 30. Qc6 Kg7 31. Re6 1-0

[Event "España ch-2015 sub-18"]
[Site "Salobrena ESP"]
[Date "2015.07.30"]
[Round "6.15"]
[White "Gonzalez Santamartina, Jorge"]
[Black "Campins Machado, Francesc"]
[Result "1/2-1/2"]
[WhiteElo "1991"]
[BlackElo "2127"]
[PlyCount "87"]
[EventDate "2015.07.27"]
[EventType "swiss"]
[EventRounds "9"]
[EventCountry "ESP"]
[Source "lmi"]
[SourceDate "2015.07.27"]

1. c4 Nf6 2. Nc3 e6 3. Nf3 c5 4. g3 Be7 5. Bg2 d5 6. cxd5 Nxd5 7. O-O Nc6 8. d4
Nxc3 9. bxc3 O-O 10. e4 b6 11. Re1 Re8 12. h4 h6 13. Bf4 Bd6 14. e5 Bf8 15. Nd2
Bb7 16. dxc5 Bxc5 17. Qg4 Kh8 18. Qh5 Kg8 19. Ne4 Bf8 20. Bxh6 g6 21. Qg5 Qxg5
22. Bxg5 Reb8 23. Rad1 Na5 24. Rd7 Bc6 25. Nf6+ Kg7 26. Bxc6 Nxc6 27. Ng4 Kg8
28. h5 gxh5 29. Nf6+ Kg7 30. Bh4 Kg6 31. Re4 Bg7 32. g4 Nxe5 33. Rxe5 Bxf6 34.
gxh5+ Kg7 35. Bxf6+ Kxf6 36. Re3 Rg8+ 37. Kf1 Rg7 38. Rf3+ Kg5 39. Rfxf7 Rxf7
40. Rxf7 Kxh5 41. Re7 Rc8 42. Rxa7 Rxc3 43. Ra6 Rc1+ 44. Ke2 1/2-1/2

[Event "España ch-2015 sub-18"]
[Site "Salobrena ESP"]
[Date "2015.07.30"]
[Round "6.16"]
[White "Gomez Dieguez, Adrian"]
[Black "Garcia-Castany Musellas, Gal.la"]
[Result "1-0"]
[WhiteElo "2124"]
[BlackElo "2034"]
[PlyCount "121"]
[EventDate "2015.07.27"]
[EventType "swiss"]
[EventRounds "9"]
[EventCountry "ESP"]
[Source "lmi"]
[SourceDate "2015.07.27"]

1. e4 e5 2. Nf3 Nc6 3. Bc4 Bc5 4. c3 Nf6 5. d3 a6 6. Nbd2 d6 7. Bb3 Ba7 8. h3
h6 9. Nf1 Ne7 10. Ne3 c6 11. Nh4 d5 12. Qf3 Bxe3 13. Qxe3 Qd6 14. O-O g5 15.
Nf3 g4 16. hxg4 Nxg4 17. Qe2 Ng6 18. d4 dxe4 19. Nxe5 N6xe5 20. Qxe4 Qg6 21.
Re1 Bf5 22. Qf3 h5 23. Bf4 O-O-O 24. Bxe5 f6 25. Bh2 Rhe8 26. Bg3 h4 27. Bxh4
Rh8 28. Bg3 Qh7 29. Qxf5+ Qxf5 30. Be6+ Qxe6 31. Rxe6 Rh7 32. Rae1 Rdh8 33.
Re8+ Kd7 34. Rxh8 Rxh8 35. Bf4 Nh6 36. Bxh6 Rxh6 37. g3 Rh5 38. Kg2 c5 39. dxc5
Rxc5 40. g4 b5 41. Re4 Kd6 42. Kf3 Rg5 43. Kg3 Rg8 44. f4 Kd5 45. Kf3 Rh8 46.
Rd4+ Ke6 47. f5+ Ke7 48. Re4+ Kf7 49. a4 bxa4 50. Rxa4 Rh2 51. Rxa6 Rxb2 52.
Ra7+ Kf8 53. g5 fxg5 54. Kg4 Rc2 55. Rc7 Rg2+ 56. Kh5 g4 57. Kg6 Re2 58. f6 Re8
59. Rf7+ Kg8 60. Rg7+ Kh8 61. Rh7+ 1-0

[Event "España ch-2015 sub-18"]
[Site "Salobrena ESP"]
[Date "2015.07.30"]
[Round "6.17"]
[White "Portela Peleteiro, Alberto"]
[Black "Prado Acebo, Ines"]
[Result "1-0"]
[WhiteElo "2105"]
[BlackElo "2029"]
[PlyCount "51"]
[EventDate "2015.07.27"]
[EventType "swiss"]
[EventRounds "9"]
[EventCountry "ESP"]
[Source "lmi"]
[SourceDate "2015.07.27"]

1. e4 c5 2. Nf3 e6 3. d4 cxd4 4. Nxd4 a6 5. Nc3 Qc7 6. Bd3 Bc5 7. Nb3 Be7 8. a4
b6 9. Be3 d6 10. O-O Nf6 11. f4 Nbd7 12. g4 Nc5 13. Nxc5 bxc5 14. g5 Nd7 15.
Qe2 Bb7 16. Bc4 Nb6 17. Rad1 O-O 18. f5 exf5 19. Rxf5 Bc8 20. Nd5 Nxd5 21. Bxd5
Bxf5 22. exf5 Rfd8 23. Qh5 Bf8 24. g6 h6 25. gxf7+ Kh7 26. Bxh6 1-0

[Event "España ch-2015 sub-18"]
[Site "Salobrena ESP"]
[Date "2015.07.30"]
[Round "6.18"]
[White "Aymerich Verdaguer, Eduard"]
[Black "Garcia Porlan, Beatriz"]
[Result "1-0"]
[WhiteElo "2091"]
[BlackElo "2006"]
[PlyCount "69"]
[EventDate "2015.07.27"]
[EventType "swiss"]
[EventRounds "9"]
[EventCountry "ESP"]
[Source "lmi"]
[SourceDate "2015.07.27"]

1. d4 d5 2. c4 e6 3. Nc3 c6 4. e3 Nf6 5. Nf3 a6 6. b3 Bb4 7. Bd2 Nbd7 8. Bd3
Qe7 9. O-O O-O 10. Re1 b5 11. Qc2 bxc4 12. bxc4 dxc4 13. Bxc4 c5 14. a3 Ba5 15.
Rab1 Rd8 16. Ba2 Bc7 17. Na4 Bd6 18. Ba5 Re8 19. e4 e5 20. Bd5 Nxd5 21. exd5 e4
22. dxc5 Nxc5 23. Nxc5 Bxc5 24. Bb4 Bxb4 25. Rxb4 f5 26. Nd4 Bd7 27. Qb3 Rad8
28. Rb7 Qc5 29. Nc6 Bxc6 30. dxc6+ Kh8 31. Qb2 Rg8 32. c7 Rd7 33. Rc1 e3 34.
Rb8 exf2+ 35. Kf1 1-0

[Event "España ch-2015 sub-18"]
[Site "Salobrena ESP"]
[Date "2015.07.30"]
[Round "6.19"]
[White "Guerra Arrocha, Daniel"]
[Black "Porta Tovar, Oriol"]
[Result "0-1"]
[WhiteElo "1989"]
[BlackElo "2084"]
[PlyCount "68"]
[EventDate "2015.07.27"]
[EventType "swiss"]
[EventRounds "9"]
[EventCountry "ESP"]
[Source "lmi"]
[SourceDate "2015.07.27"]

1. e4 e5 2. Nf3 Nc6 3. Nc3 Nf6 4. d4 exd4 5. Nxd4 Bb4 6. Nxc6 bxc6 7. Bd3 O-O
8. O-O Re8 9. Bg5 h6 10. Bh4 Rb8 11. Qf3 Bd6 12. Nd1 Be5 13. Ne3 d6 14. Nc4 g5
15. Bg3 Bg4 16. Qe3 Bxg3 17. Qxg3 Be6 18. Na5 Rxb2 19. e5 dxe5 20. Qxe5 Rb6 21.
Rad1 Bd5 22. Qf5 Qe7 23. c4 Be6 24. Qe5 Bg4 25. Qxe7 Rxe7 26. c5 Rb2 27. Nxc6
Re6 28. Nd4 Bxd1 29. Nxe6 Rd2 30. Nxc7 Rxd3 31. Nb5 a6 32. c6 axb5 33. f4 Be2
34. Rc1 Rd1+ 0-1

[Event "España ch-2015 sub-18"]
[Site "Salobrena ESP"]
[Date "2015.07.30"]
[Round "6.20"]
[White "Abalia Patino, Aritz"]
[Black "Lacruz Algarate, Alvaro"]
[Result "1-0"]
[WhiteElo "1951"]
[BlackElo "2072"]
[PlyCount "75"]
[EventDate "2015.07.27"]
[EventType "swiss"]
[EventRounds "9"]
[EventCountry "ESP"]
[Source "lmi"]
[SourceDate "2015.07.27"]

1. e4 e6 2. d4 d5 3. Bd3 Nf6 4. e5 Nfd7 5. f4 c5 6. c3 Nc6 7. Nf3 cxd4 8. cxd4
Qb6 9. Bc2 Nb4 10. O-O Be7 11. Kh1 Nxc2 12. Qxc2 f6 13. f5 exf5 14. Nc3 Qc6 15.
exf6 Nxf6 16. Ne5 Qb6 17. Qa4+ Kf8 18. Bg5 Be6 19. Bxf6 Bxf6 20. Nxd5 Qd6 21.
Nxf6 gxf6 22. Nd3 Rd8 23. Nf4 a6 24. Nxe6+ Qxe6 25. Rae1 Qd7 26. Qb4+ Kf7 27.
Rf4 Rhe8 28. Ref1 Kg6 29. h4 Re4 30. h5+ Kh6 31. Rxe4 fxe4 32. Rxf6+ Kg5 33.
Rf1 e3 34. Qc5+ Kh6 35. Rf6+ Kg7 36. Qe5 Qxd4 37. Rg6+ Kf8 38. Qf5+ 1-0

[Event "España ch-2015 sub-18"]
[Site "Salobrena ESP"]
[Date "2015.07.30"]
[Round "6.21"]
[White "Redondo Benavente, Ana"]
[Black "Fernandez Alvarez, Luis"]
[Result "0-1"]
[WhiteElo "1920"]
[BlackElo "2059"]
[PlyCount "112"]
[EventDate "2015.07.27"]
[EventType "swiss"]
[EventRounds "9"]
[EventCountry "ESP"]
[Source "lmi"]
[SourceDate "2015.07.27"]

1. Nc3 c6 2. e4 g6 3. d4 d5 4. exd5 cxd5 5. Bd3 Bg7 6. Nf3 Nc6 7. O-O Nf6 8. h3
O-O 9. Re1 a6 10. a3 Qc7 11. Bg5 Be6 12. Qd2 b5 13. Bf4 Qa7 14. Bf1 Rac8 15.
Rad1 Rfd8 16. Ne5 Bf5 17. g4 Be6 18. Bg2 Qb6 19. Bh2 Na5 20. b3 Nc6 21. a4 h5
22. axb5 axb5 23. g5 Ne4 24. Nxe4 dxe4 25. Nxc6 Qxc6 26. Qe3 Qxc2 27. Bxe4 Qxb3
28. d5 Qxe3 29. Rxe3 Rc4 30. Rdd3 Bxh3 31. Bc7 Rxc7 32. Rxh3 Be5 33. Rhf3 Bd6
34. Kg2 b4 35. Rd4 Kg7 36. Bb1 Rc1 37. Rb3 Ra8 38. f4 Ra1 39. Bd3 Rg1+ 40. Kf2
Rgd1 41. Rc4 Ra2+ 42. Kg3 Ra3 43. Rxa3 bxa3 44. Bc2 a2 45. Bxd1 a1=Q 46. Bf3
Qg1+ 47. Bg2 Qe3+ 48. Bf3 h4+ 49. Kg4 h3 50. Re4 Qb3 51. f5 gxf5+ 52. Kh4 fxe4
53. g6 Qxf3 54. gxf7 Bg3+ 55. Kxh3 Bf4+ 56. Kh4 Qg3+ 0-1

[Event "España ch-2015 sub-18"]
[Site "Salobrena ESP"]
[Date "2015.07.30"]
[Round "6.23"]
[White "Garcia Gonzalez, Omar"]
[Black "Shen, Yue"]
[Result "0-1"]
[WhiteElo "1964"]
[BlackElo "2248"]
[PlyCount "172"]
[EventDate "2015.07.27"]
[EventType "swiss"]
[EventRounds "9"]
[EventCountry "ESP"]
[Source "lmi"]
[SourceDate "2015.07.27"]

1. e4 c6 2. Nc3 d5 3. d4 dxe4 4. Nxe4 Bf5 5. Ng3 Bg6 6. Bc4 e6 7. N1e2 Nf6 8.
O-O Be7 9. f4 O-O 10. f5 exf5 11. Nf4 Ne8 12. c3 Nd7 13. Qc2 c5 14. Bd2 cxd4
15. Rae1 Bc5 16. Kh1 Nd6 17. Bd3 Re8 18. Rxe8+ Qxe8 19. Re1 Qd8 20. b4 dxc3 21.
Bxc3 Bb6 22. Nd5 Qh4 23. Nxf5 Nxf5 24. Bxf5 Nf8 25. Ne7+ Kh8 26. Qb2 Bd4 27. g3
Bxc3 28. Qxc3 Qg5 29. h4 Qh5 30. Nxg6+ hxg6 31. Be4 Qb5 32. Bd3 Qd7 33. Bc4
Qc6+ 34. Kh2 b5 35. Re7 Qxc4 36. Qf3 Qc2+ 37. Kh3 Qf5+ 38. Qxf5 gxf5 39. Rxf7
a6 40. Rxf5 Rd8 41. a4 Rb8 42. axb5 axb5 43. Kg4 Ne6 44. Rd5 Nc7 45. Rd6 Ra8
46. Kf5 Kh7 47. Rb6 Ra6 48. Rb7 Rc6 49. Ke5 Kh6 50. g4 Kg6 51. Rb8 Re6+ 52. Kd4
Kf6 53. Rb7 Rc6 54. Ke4 Rc4+ 55. Kf3 Ke5 56. h5 Rc3+ 57. Ke2 Kf4 58. Rb6 Re3+
59. Kd2 Re6 60. Rb7 Rd6+ 61. Ke2 Rc6 62. Rb8 Kg5 63. Kd2 Rc4 64. Rb6 Rxg4 65.
Rc6 Nd5 66. h6 Rd4+ 67. Ke1 gxh6 68. Rc5 Kg4 69. Rxb5 Nxb4 70. Rb8 Nd3+ 71. Kf1
Rd5 72. Kg2 Nf4+ 73. Kg1 h5 74. Rg8+ Kh4 75. Kh2 Rd2+ 76. Kg1 Nh3+ 77. Kh1 Ng5
78. Rg7 Ra2 79. Rg8 Kg4 80. Rg7 h4 81. Rg8 Ra3 82. Kg2 Rg3+ 83. Kh1 Kf3 84.
Rf8+ Ke3 85. Re8+ Kf2 86. Rf8+ Nf3 0-1

[Event "España ch-2015 sub-18"]
[Site "Salobrena ESP"]
[Date "2015.07.30"]
[Round "6.24"]
[White "Garrido Piriz, Pablo"]
[Black "Martin Iribar, Ander"]
[Result "0-1"]
[WhiteElo "2138"]
[BlackElo "1935"]
[PlyCount "94"]
[EventDate "2015.07.27"]
[EventType "swiss"]
[EventRounds "9"]
[EventCountry "ESP"]
[Source "lmi"]
[SourceDate "2015.07.27"]

1. e4 c5 2. Ne2 e6 3. d4 cxd4 4. Nxd4 a6 5. c4 Nf6 6. Nc3 Bb4 7. Bd3 Nc6 8.
Nxc6 dxc6 9. O-O e5 10. Qc2 O-O 11. a3 Be7 12. b3 Qc7 13. Ne2 Rd8 14. Bb2 Bg4
15. Kh1 Nd7 16. b4 Bg5 17. h3 Bh5 18. Ng3 Bg6 19. Nf5 Nf8 20. f4 Bf6 21. c5
Bxf5 22. exf5 Nd7 23. fxe5 Bxe5 24. Rae1 Bxb2 25. Qxb2 Nxc5 26. bxc5 Rxd3 27.
f6 Rad8 28. fxg7 Qd7 29. Qf6 Rxh3+ 30. Kg1 Rg3 31. Rd1 Rxg2+ 32. Kxg2 Qg4+ 33.
Kh2 Qh5+ 34. Kg3 Rxd1 35. Rxd1 Qxd1 36. Qd6 Qg1+ 37. Kh3 Qe3+ 38. Kh2 Kxg7 39.
a4 h5 40. a5 h4 41. Qd8 Qxc5 42. Qxh4 Qc2+ 43. Kh1 Qd1+ 44. Kh2 Qe2+ 45. Kh1
Qd1+ 46. Kh2 Qd6+ 47. Kh1 Qh6 0-1

[Event "España ch-2015 sub-18"]
[Site "Salobrena ESP"]
[Date "2015.07.30"]
[Round "6.25"]
[White "Rivas Diaz, Pablo"]
[Black "Bustos Bernardo, Samuel"]
[Result "0-1"]
[WhiteElo "2029"]
[BlackElo "1917"]
[PlyCount "102"]
[EventDate "2015.07.27"]
[EventType "swiss"]
[EventRounds "9"]
[EventCountry "ESP"]
[Source "lmi"]
[SourceDate "2015.07.27"]

1. e4 c5 2. Nf3 d6 3. d4 cxd4 4. Nxd4 Nf6 5. Nc3 a6 6. Be2 e5 7. Nb3 Be7 8. Be3
O-O 9. O-O Qc7 10. a4 b6 11. f4 exf4 12. Bxf4 Nbd7 13. Kh1 Bb7 14. Bf3 Rfe8 15.
Nd5 Nxd5 16. exd5 Bf6 17. c3 Ne5 18. Nd2 g6 19. Bh6 Nc4 20. Ne4 Bh8 21. b3 Ne5
22. Bg5 Nxf3 23. Qxf3 Bxd5 24. Nf6+ Bxf6 25. Qxf6 Re6 26. Qd4 Qc5 27. Qxc5 bxc5
28. c4 Bc6 29. Rf2 Rb8 30. Raf1 f5 31. Kg1 Rxb3 32. g4 Re4 33. Rf4 Re2 34. R4f2
Rxf2 35. Rxf2 Rb1+ 36. Rf1 Rxf1+ 37. Kxf1 fxg4 38. Be7 Bxa4 39. Ke2 Kf7 40.
Bxd6 Ke6 41. Bxc5 Kf5 42. Be7 Bc6 43. Ke3 g5 44. Bd6 h5 45. Bc7 h4 46. Bd6 a5
47. Bc7 a4 48. Bd6 Ke6 49. Bb4 g3 50. h3 g4 51. Kf4 gxh3 0-1

[Event "España ch-2015 sub-18"]
[Site "Salobrena ESP"]
[Date "2015.07.30"]
[Round "6.26"]
[White "Capote Robayna, Johanna"]
[Black "Mazo Fernandez, Roberto"]
[Result "1/2-1/2"]
[WhiteElo "1887"]
[BlackElo "2025"]
[PlyCount "76"]
[EventDate "2015.07.27"]
[EventType "swiss"]
[EventRounds "9"]
[EventCountry "ESP"]
[Source "lmi"]
[SourceDate "2015.07.27"]

1. e4 c5 2. Nf3 d6 3. d4 Nf6 4. Nc3 cxd4 5. Nxd4 a6 6. Be3 e5 7. Nb3 Be6 8. f3
Nbd7 9. Qd2 Rc8 10. g4 b5 11. h4 Nb6 12. a3 Be7 13. h5 d5 14. g5 d4 15. gxf6
Bxf6 16. Nxb5 Nc4 17. Bxc4 Rxc4 18. Na5 axb5 19. Nxc4 bxc4 20. Bf2 O-O 21. O-O
Bg5 22. Qb4 Bf4 23. Qe1 Qg5+ 24. Kh1 Bd2 25. Bh4 Qxh5 26. Qxd2 Qxh4+ 27. Qh2
Qxh2+ 28. Kxh2 Bd7 29. b3 c3 30. a4 Ra8 31. Rfd1 g5 32. Rd3 f6 33. Rg1 h5 34.
Rg2 Kf7 35. Rd1 h4 36. Rd3 Bc6 37. Rd1 Ke6 38. Kh3 Kd6 1/2-1/2

[Event "España ch-2015 sub-18"]
[Site "Salobrena ESP"]
[Date "2015.07.30"]
[Round "6.27"]
[White "Redondo Benavente, Jose Carlos"]
[Black "Antunez Muñoz, Ines"]
[Result "0-1"]
[WhiteElo "1988"]
[BlackElo "1873"]
[PlyCount "82"]
[EventDate "2015.07.27"]
[EventType "swiss"]
[EventRounds "9"]
[EventCountry "ESP"]
[Source "lmi"]
[SourceDate "2015.07.27"]

1. e4 e5 2. Nf3 Nc6 3. Nc3 Nf6 4. d4 exd4 5. Nxd4 Bb4 6. Nxc6 bxc6 7. Bd3 d5 8.
exd5 cxd5 9. O-O O-O 10. h3 h6 11. Qf3 Be6 12. Bf4 Bd6 13. Nb5 Bxf4 14. Qxf4
Ne8 15. Nd4 Qf6 16. Qxf6 Nxf6 17. c4 Nd7 18. Nxe6 fxe6 19. cxd5 exd5 20. Rac1
Ne5 21. Be2 c6 22. f4 Ng6 23. Rxc6 Nxf4 24. Bf3 Rad8 25. Rc7 d4 26. Rxa7 d3 27.
Bd1 Ne2+ 28. Bxe2 dxe2 29. Rxf8+ Rxf8 30. Re7 Rf1+ 31. Kh2 e1=Q 32. Rxe1 Rxe1
33. b4 Ra1 34. b5 Rxa2 35. Kg3 Rb2 36. Kf3 Rxb5 37. Kg4 Kf7 38. Kh4 g6 39. g3
h5 40. g4 hxg4 41. hxg4 Kf6 0-1

[Event "España ch-2015 sub-18"]
[Site "Salobrena ESP"]
[Date "2015.07.30"]
[Round "6.28"]
[White "Santamaria Fernandez, Guillermo"]
[Black "Lozano Osorio, Isaac"]
[Result "0-1"]
[WhiteElo "1804"]
[BlackElo "1987"]
[PlyCount "48"]
[EventDate "2015.07.27"]
[EventType "swiss"]
[EventRounds "9"]
[EventCountry "ESP"]
[Source "lmi"]
[SourceDate "2015.07.27"]

1. e4 c6 2. Nc3 d5 3. exd5 cxd5 4. d4 Nf6 5. Bd3 Nc6 6. Nge2 e6 7. O-O Bd6 8.
Nb5 Bb8 9. c3 a6 10. Na3 e5 11. dxe5 Nxe5 12. Nd4 O-O 13. Be2 h6 14. Nac2 Ng6
15. Nf3 Qd6 16. Re1 Re8 17. Ncd4 Bg4 18. Be3 Bxf3 19. Nxf3 Ng4 20. c4 Nxh2 21.
g3 Ng4 22. Qxd5 Qxd5 23. cxd5 Nxe3 24. fxe3 Bxg3 0-1